| 000 | 00375nam a2200145Ia 4500 | ||
|---|---|---|---|
| 003 | OSt | ||
| 005 | 20240209092519.0 | ||
| 008 | 170524s9999 xx 000 0 und d | ||
| 020 | _a9788120329515 | ||
| 040 | _cIIMT UNIVERSITY | ||
| 100 | _aMiner John B | ||
| 245 | 0 | _aOrganization Behaviour Essential Theory of Process & Structure | |
| 260 | _aNew Delhi:PHI | ||
| 942 |
_2ddc _c02 |
||
| 999 |
_c3073 _d3073 |
||